| 000 | 00922nas a2200253Ia 4500 | ||
|---|---|---|---|
| 001 | R109/44562 | ||
| 003 | IT-RoPAU | ||
| 008 | 151124c99999999xx |||||||||||| ||und|| | ||
| 040 | _aIT-RoPAU | ||
| 040 | _cIT-RoPAU | ||
| 041 | _aFRANCESE | ||
| 100 |
_aTaylor James R. _gCodice Aut. SPICS: 30037 |
||
| 210 | _aCOMMUNICATIONS | ||
| 222 | _aCommunications | ||
| 245 |
_aCOMMUNICATIONS, N.21 (1974) _bFederalisme Et la Cablodiffusion (Le)-L'Experience Canadienne |
||
| 250 | _a1a ed. | ||
| 260 |
_aPARIS _bSEUIL _c1974 |
||
| 501 |
_bPaulus - SPICS - Società San Paolo EM (non-commercial uses only) _cCopyright2015 |
||
| 300 | _a14 p. [170-183] | ||
| 362 | _aN.21 (1974) | ||
| 500 | _aFederalismo-E-Cavodiffusione Esperienza-Canadese Elementi-Principali-Del-Sistema-Canadese-Delle-Comunicazioni-Di-Massa Regolamentazione-Delle-Telecomunicazioni | ||
| 650 |
_aCOMUNICAZIONE _vPUBBLICAZIONE PERIODICA |
||
| 942 | _cCR | ||
| 999 |
_c197039 _d197039 |
||